Т. 58, № 6; Кинетика и катализ

Xehetasun bibliografikoak
Parent link:Кинетика и катализ/ Российская академия наук (РАН), Институт органической химии им. Н. Д. Зелинского (ИОХ). Т. 58, № 6.— , 1960-
Gaia:Режим доступа: по договору с организацией-держателем ресурса
Hizkuntza:errusiera
Argitaratua: 2017
Sarrera elektronikoa:https://www.elibrary.ru/contents.asp?id=34551003
Formatua: MixedMaterials Baliabide elektronikoa Liburua
KOHA link:https://koha.lib.tpu.ru/cgi-bin/koha/opac-detail.pl?biblionumber=577581

MARC

LEADER 00000nam2a2200000 4500
001 577581
005 20231101130418.0
035 |a (RuTPU)RU\TPU\prd\276936 
035 |a RU\TPU\prd\276934 
090 |a 577581 
100 |a 20180517a19609999k y0rusy50 ca 
101 0 |a rus 
102 |a RU 
181 0 |a i  
182 0 |a b 
200 0 |a Т. 58, № 6  |b Электронный ресурс 
203 |a Текст  |c электронный 
210 |d 2017 
333 |a Режим доступа: по договору с организацией-держателем ресурса 
461 1 |0 (RuTPU)RU\TPU\prd\215  |t Кинетика и катализ  |f Российская академия наук (РАН), Институт органической химии им. Н. Д. Зелинского (ИОХ)  |v Т. 58, № 6  |d 1960- 
801 0 |a RU  |b 63413507  |c 20010227  |g PSBO 
801 1 |a RU  |b 63413507  |c 20170713 
801 2 |a RU  |b 63413507  |c 20220221  |g RCR 
856 4 0 |u https://www.elibrary.ru/contents.asp?id=34551003 
942 |c BK